Theorising international society : (Record no. 12419)
[ view plain ]
| 000 -LEADER | |
|---|---|
| fixed length control field | 02208cam a2200325 a 4500 |
| 001 - CONTROL NUMBER | |
| control field | 15362739 |
| 005 - DATE AND TIME OF LATEST TRANSACTION | |
| control field | 20090616132201.0 |
| 008 - FIXED-LENGTH DATA ELEMENTS--GENERAL INFORMATION | |
| fixed length control field | 080711s2009 enka b 001 0 eng |
| 010 ## - LIBRARY OF CONGRESS CONTROL NUMBER | |
| LC control number | 2008029967 |
| 020 ## - INTERNATIONAL STANDARD BOOK NUMBER | |
| International Standard Book Number | 023054715X (alk. paper) |
| 020 ## - INTERNATIONAL STANDARD BOOK NUMBER | |
| International Standard Book Number | 9780230547155 (alk. paper) |
| 035 ## - SYSTEM CONTROL NUMBER | |
| System control number | (OCoLC)ocn181600991 |
| 040 ## - CATALOGING SOURCE | |
| Original cataloging agency | DLC |
| Transcribing agency | DLC |
| Modifying agency | BTCTA |
| -- | BAKER |
| -- | YDXCP |
| -- | BWKUK |
| -- | BWK |
| -- | CDX |
| -- | IXA |
| -- | PMC |
| -- | DLC |
| 043 ## - GEOGRAPHIC AREA CODE | |
| Geographic area code | e-uk--- |
| 050 00 - LIBRARY OF CONGRESS CALL NUMBER | |
| Classification number | JZ1242 |
| Item number | .T485 2009 |
| 082 00 - DEWEY DECIMAL CLASSIFICATION NUMBER | |
| Classification number | 327.101 |
| Edition number | 22 |
| Item number | THE |
| 245 00 - TITLE STATEMENT | |
| Title | Theorising international society : |
| Remainder of title | English school methods / |
| Statement of responsibility, etc | Edited by Cornelia Navari. |
| 246 3# - VARYING FORM OF TITLE | |
| Title proper/short title | Theorizing international society |
| 260 ## - PUBLICATION, DISTRIBUTION, ETC. (IMPRINT) | |
| Place of publication, distribution, etc | Basingstoke [England] : |
| Name of publisher, distributor, etc | Palgrave Macmillan, |
| Date of publication, distribution, etc | c2009. |
| 300 ## - PHYSICAL DESCRIPTION | |
| Extent | viii, 248 p. : |
| Dimensions | 23 cm. |
| 490 0# - Series Statement | |
| Series statement | Palgrave studies in international relations ; |
| 504 ## - BIBLIOGRAPHY, ETC. NOTE | |
| Bibliography, etc | Includes bibliographical references and index. |
| 505 0# - FORMATTED CONTENTS NOTE | |
| Formatted contents note | International relations as a craft discipline / Robert Jackson -- What the classical English school was trying to explain, and why its members were not interested in causal explanation / Cornelia Navari -- Constructivism and the English school / Christian Reus-Smit -- History, theory and methodological pluralism in the English school / Richard Little -- International society as an ideal type / Edward Keene -- Theorising the causes of order : Hedley Bull's The anarchical society / K.J. Holsti -- The English school and the activity of being an historian / William Bain -- The English school's approach to international law / Peter Wilson -- Law, power and the expansion of international society / B.A. Roberson -- The limits of progress : normative reasoning in the English school / James Mayall. |
| 650 #0 - SUBJECT ADDED ENTRY--TOPICAL TERM | |
| Topical term or geographic name as entry element | International relations |
| General subdivision | Philosophy. |
| 9 (RLIN) | 8126 |
| 650 #0 - SUBJECT ADDED ENTRY--TOPICAL TERM | |
| Topical term or geographic name as entry element | International relations |
| General subdivision | Study and teaching |
| Geographic subdivision | Great Britain. |
| 9 (RLIN) | 8127 |
| 700 1# - ADDED ENTRY--PERSONAL NAME | |
| Personal name | Navari, Cornelia |
| Dates associated with a name | 1941- |
| 9 (RLIN) | 8128 |
| 942 ## - ADDED ENTRY ELEMENTS (KOHA) | |
| Source of classification or shelving scheme | Dewey Decimal Classification |
| Item type | Book - Borrowing |
| Withdrawn status | Item status | Source of classification or shelving scheme | Damaged status | Not for loan | Vendor | Home library | Current library | Shelving location | Date acquired | Source of acquisition | Cost, normal purchase price | Serial Enumeration / chronology | Total Checkouts | Total Renewals | Full call number | Barcode | Date last seen | Date last borrowed | Koha item type |
|---|---|---|---|---|---|---|---|---|---|---|---|---|---|---|---|---|---|---|---|
| Dewey Decimal Classification | Baccah | Central Library | Central Library | First floor | 27/07/2009 | 300.00 | 8324 | 3 | 2 | 327.101 THE | 000017583 | 15/07/2025 | 09/01/2022 | Book - Borrowing |